[Event "9th Asrian Memorial 2016"]
[Site "Yerevan ARM"]
[Date "2016.06.18"]
[Round "3.28"]
[White "Chubar, Vladimir"]
[Black "Arakelyan, Nare"]
[Result "1/2-1/2"]
[WhiteTitle "IM"]
[WhiteElo "2007"]
[BlackElo "1766"]
[WhiteFideId "14101491"]
[BlackFideId "13307657"]
[EventDate "2016.06.16"]

1. Nf3 Nf6 2. d4 g6 3. Bg5 Bg7 4. Nbd2 d5 5. e3 O-O 6. Bd3 Nbd7 7. O-O c5 8. c3
Re8 9. h3 b6 10. Bb5 Bb7 11. Ne5 a6 12. Bxf6 axb5 13. Bxg7 Kxg7 14. f4 Nb8 15.
f5 f6 16. fxg6 hxg6 17. Qg4 fxe5 18. Qe6 Bc8 19. Rf7+ Kh6 20. Qxe5 Rg8 21. Nf3
g5 22. h4 Nc6 23. hxg5+ Kg6 24. Qf4 Rh8 25. Rf1 Be6 26. Nh4+ Rxh4 27. Qxh4 Qh8
28. R1f6+ exf6 29. Rxf6+ Kg7 30. Qxh8+ Rxh8 31. Rxe6 Rc8 32. Rd6 b4 33. Rxd5
bxc3 34. bxc3 cxd4 35. cxd4 Kg6 36. Kf2 Ne7 37. Rd6+ Kxg5 38. Rxb6 Rc2+ 39. Kf3
Rxa2 40. Rb5+ Kf6 41. g4 Ra1 42. Ke4 Rg1 43. g5+ Rxg5 44. Rxg5 Kxg5 45. Ke5 Ng6+
46. Ke6 Nf8+ 47. Kf7 Nd7 48. Ke7 Nb6 49. Ke6 Nc4 50. d5 Kg4 51. e4 Kf4 52. e5
Nxe5 53. d6 Ke4 54. d7 Nxd7 55. Kxd7 1/2-1/2

[Event "9th Asrian Memorial 2016"]
[Site "Yerevan ARM"]
[Date "2016.06.18"]
[Round "3.29"]
[White "Mashalov, Aliniyaz"]
[Black "Shmavonyan, Areg"]
[Result "0-1"]
[WhiteElo "1680"]
[BlackElo "1995"]
[WhiteFideId "14004003"]
[BlackFideId "13309420"]
[EventDate "2016.06.16"]

1. c4 e6 2. Nf3 d5 3. d4 Nf6 4. Nc3 Be7 5. e3 O-O 6. Be2 b6 7. b3 Bb7 8. Bb2
Nbd7 9. O-O c5 10. cxd5 exd5 11. dxc5 bxc5 12. Qc2 Rc8 13. Rfd1 Qc7 14. Rac1
Rfd8 15. Qb1 Qb8 16. Qa1 Nf8 17. Na4 Ne6 18. Be5 Qa8 19. Nh4 Ne8 20. Nf5 Bf8 21.
f3 f6 22. Bg3 g6 23. Nh4 Bh6 24. f4 d4 25. Bc4 Bd5 26. exd4 cxd4 27. Bxd5 Qxd5
28. Rxc8 Rxc8 29. Nf3 Bxf4 30. Bf2 d3 31. Nc3 Qf5 32. Nh4 Bxh2+ 33. Kf1 Qa5 34.
Ne4 Be5 35. Qb1 f5 36. Ng3 0-1

[Event "9th Asrian Memorial 2016"]
[Site "Yerevan ARM"]
[Date "2016.06.18"]
[Round "3.30"]
[White "Hakobyan, Yurik L."]
[Black "Kshtoyan, Indat"]
[Result "0-1"]
[WhiteElo "1544"]
[BlackElo "1939"]
[WhiteFideId "13308866"]
[BlackFideId "13304801"]
[EventDate "2016.06.16"]

1. e4 e6 2. d4 d5 3. Nc3 Bb4 4. e5 Ne7 5. a3 Bxc3+ 6. bxc3 c5 7. c4 dxc4 8. Bxc4
cxd4 9. Nf3 Nbc6 10. Bb5 Qa5+ 11. Qd2 Qxb5 12. Qg5 O-O 13. a4 Qa6 14. Ba3 Qa5+
15. Ke2 Nd5 16. g3 Qa6+ 17. Kd2 f6 18. Qh5 Rf7 19. exf6 Nxf6 20. Qh4 Qa5+ 21.
Ke2 b6 22. Kf1 Qc3 23. Kg2 Bb7 24. Ng5 Ne5+ 25. Kh3 Ng6 0-1

[Event "9th Asrian Memorial 2016"]
[Site "Yerevan ARM"]
[Date "2016.06.18"]
[Round "3.31"]
[White "Hoghmrtsyan, Artur"]
[Black "Abrahamyan, Rashid"]
[Result "1-0"]
[WhiteElo "1870"]
[BlackElo "1756"]
[WhiteFideId "13306685"]
[BlackFideId "13304054"]
[EventDate "2016.06.16"]

1. d4 e6 2. e4 b6 3. Bd3 Bb7 4. Nf3 g6 5. Bg5 Qc8 6. O-O Bg7 7. Re1 Nc6 8. c3
Nce7 9. e5 h6 10. Bc1 Nc6 11. Nbd2 Nge7 12. h4 Qd8 13. h5 g5 14. Nh2 d6 15. Ndf3
Qd7 16. Qe2 O-O-O 17. Bb5 Kb8 18. Ng4 Qc8 19. Bd2 dxe5 20. dxe5 Rd5 21. Bc4 Rd7
22. b4 Rhd8 23. Red1 Nf5 24. a4 a5 25. Bb5 axb4 26. Qc4 Nfe7 27. cxb4 Rd3 28.
Qa2 Nxb4 29. Qb2 Bxf3 30. gxf3 R3d4 31. Rdc1 Nd3 32. Bxd3 Rxd3 33. Be3 Nd5 34.
a5 Nxe3 35. Nxe3 Rd2 36. Qb5 Qb7 37. axb6 c5 38. Qxc5 Rc8 39. Qa5 1-0

[Event "9th Asrian Memorial 2016"]
[Site "Yerevan ARM"]
[Date "2016.06.19"]
[Round "4.1"]
[White "Zubov, Alexander"]
[Black "Andriasian, Zaven"]
[Result "1/2-1/2"]
[WhiteTitle "GM"]
[BlackTitle "GM"]
[WhiteElo "2627"]
[BlackElo "2611"]
[WhiteFideId "14109409"]
[BlackFideId "13302000"]
[EventDate "2016.06.16"]

1. Nf3 Nf6 2. c4 c6 3. Nc3 d5 4. e3 Nbd7 5. d4 e6 6. Qc2 Bd6 7. b3 O-O 8. Be2 b6
9. O-O Bb7 10. Bb2 Qe7 11. Rad1 Rac8 12. Rfe1 Rfe8 13. h3 h6 14. Bf1 c5 15. cxd5
cxd4 16. Nxd4 Nxd5 17. Ndb5 Be5 18. Nxd5 Bxd5 19. Qd2 Bxb2 20. Qxb2 Nf6 21. Rc1 1/2-1/2

[Event "9th Asrian Memorial 2016"]
[Site "Yerevan ARM"]
[Date "2016.06.19"]
[Round "4.2"]
[White "Ter-Sahakyan, Samvel"]
[Black "Kovalev, Vladislav"]
[Result "0-1"]
[WhiteTitle "GM"]
[BlackTitle "GM"]
[WhiteElo "2617"]
[BlackElo "2584"]
[WhiteFideId "13302531"]
[BlackFideId "13504398"]
[EventDate "2016.06.16"]

1. e4 e5 2. Nf3 Nc6 3. Bb5 a6 4. Ba4 Nf6 5. O-O Be7 6. Re1 b5 7. Bb3 d6 8. c3
O-O 9. h3 Na5 10. Bc2 c5 11. d4 Nd7 12. Nbd2 exd4 13. cxd4 Nc6 14. d5 Nce5 15.
a4 Rb8 16. axb5 axb5 17. Nxe5 Nxe5 18. f4 Ng6 19. Nf3 f5 20. e5 Bb7 21. e6 Ra8
22. Rb1 Ra2 23. Qd3 Qa8 24. Rd1 c4 25. Qd2 b4 26. Nd4 Bxd5 27. Nxf5 b3 28. Nh6+
gxh6 29. Bxg6 hxg6 30. Qxd5 Qxd5 31. Rxd5 Rfa8 32. Be3 Bf6 33. Rxd6 Rxb2 34. Re1
Rba2 35. e7 Bxe7 36. Rxg6+ Kf7 37. Rb6 Ra1 38. Rxa1 Rxa1+ 39. Kf2 Ra2+ 40. Kf3
Bf6 41. Ke4 Re2 42. Kf3 Rc2 43. Ke4 Re2 44. Kf3 Re1 45. g4 b2 46. Rxf6+ Kxf6 47.
Bd4+ Kf7 48. Bxb2 Rb1 0-1

[Event "9th Asrian Memorial 2016"]
[Site "Yerevan ARM"]
[Date "2016.06.19"]
[Round "4.3"]
[White "Danielyan, Vahe"]
[Black "Oleksiyenko, Mykhaylo"]
[Result "0-1"]
[WhiteTitle "FM"]
[BlackTitle "GM"]
[WhiteElo "2240"]
[BlackElo "2615"]
[WhiteFideId "13304828"]
[BlackFideId "4152417"]
[EventDate "2016.06.16"]

1. e4 c5 2. Nc3 e6 3. Nf3 a6 4. d4 cxd4 5. Nxd4 b5 6. g3 b4 7. Na4 Bb7 8. Bg2
Nf6 9. Qe2 Qa5 10. b3 Nc6 11. Nxc6 Bxc6 12. Bb2 Be7 13. O-O-O O-O 14. Kb1 Rac8
15. f4 d5 16. exd5 Bxd5 17. Bxd5 Nxd5 18. f5 Rc6 19. Rhf1 Bf6 20. fxe6 Rxe6 21.
Qf3 Ne3 22. Bxf6 gxf6 23. Nb2 Nxd1 24. Rxd1 Qg5 25. Nd3 Re3 26. Qc6 a5 27. Rf1
Re2 28. h4 Qxg3 29. Qxf6 Qg6 30. Qd4 Re4 31. Qc5 Rxh4 32. Nf4 Qh6 33. Ne6 Rh1
34. Rxh1 Qxh1+ 35. Kb2 fxe6 36. Qg5+ Kf7 37. Qf4+ Kg6 38. Qxf8 Qe4 39. Qg8+ Kf6
40. Qf8+ Kg5 41. Qd8+ Kf5 42. Qf8+ Kg4 43. Qg7+ Kf3 44. Qg1 Qe5+ 45. Kb1 h5 46.
Qh1+ Kg4 47. Qg2+ Kf5 48. Qf3+ Kg5 49. Qg2+ Kf6 50. Qf2+ Qf5 51. Qd4+ Kg6 52.
Qg1+ Qg4 53. Qh1 h4 54. Qa8 h3 55. Qg8+ Kf5 56. Qf7+ Ke4 57. Qb7+ Ke3 58. Qb6+
Kf3 59. Qb7+ Qe4 60. Qf7+ Ke2 61. Qh5+ Kd2 62. Qg5+ Qe3 63. Qd8+ Ke2 64. Qd6 e5
65. Qg6 e4 66. a4 Qf3 67. Qh6 e3 68. Kc1 Kf1 0-1

[Event "9th Asrian Memorial 2016"]
[Site "Yerevan ARM"]
[Date "2016.06.19"]
[Round "4.4"]
[White "Gabuzyan, Hovhannes"]
[Black "Stupak, Kirill"]
[Result "1/2-1/2"]
[WhiteTitle "GM"]
[BlackTitle "GM"]
[WhiteElo "2614"]
[BlackElo "2555"]
[WhiteFideId "13303732"]
[BlackFideId "13503758"]
[EventDate "2016.06.16"]

1. g3 g6 2. Bg2 Bg7 3. d4 c5 4. c3 cxd4 5. cxd4 d5 6. Nc3 Nf6 7. Nf3 O-O 8. Ne5
e6 9. O-O Bd7 10. b3 Bc6 11. e3 Nfd7 12. Nd3 a5 13. Rb1 Na6 14. a3 Qe7 15. Qe2
Rfc8 16. Rd1 Nc7 17. Nf4 Ne8 18. Bf1 Nd6 19. a4 Ne4 20. Bb2 Nxc3 21. Bxc3 Bf8
22. Rdc1 b6 23. Nd3 Bb7 24. Qd1 Ba6 25. Rc2 Qd8 26. Rbc1 Ba3 27. Bb2 Bf8 28. h4
Rxc2 29. Rxc2 Rc8 30. Qc1 Rxc2 31. Qxc2 Qc8 32. Qxc8 Bxc8 33. Ne5 Nb8 34. Bb5 f6
35. Nd3 Na6 36. Nf4 1/2-1/2

[Event "9th Asrian Memorial 2016"]
[Site "Yerevan ARM"]
[Date "2016.06.19"]
[Round "4.5"]
[White "Pashikian, Arman"]
[Black "Harutyunian, Tigran K."]
[Result "1-0"]
[WhiteTitle "GM"]
[BlackTitle "IM"]
[WhiteElo "2611"]
[BlackElo "2462"]
[WhiteFideId "13301578"]
[BlackFideId "13303635"]
[EventDate "2016.06.16"]

1. d4 d5 2. c4 e6 3. Nf3 Nf6 4. Nc3 Be7 5. Bf4 O-O 6. e3 Nbd7 7. c5 Nh5 8. Bd3
Nxf4 9. exf4 b6 10. b4 a5 11. a3 c6 12. O-O Qc7 13. g3 Ba6 14. h4 Bf6 15. Ne5
Bxe5 16. fxe5 Qb7 17. Ne2 axb4 18. axb4 Bxd3 19. Qxd3 Rxa1 20. Rxa1 Ra8 21. Rb1
Rb8 22. Rc1 h6 23. Nf4 bxc5 24. bxc5 Qb2 25. Qc3 Qxc3 26. Rxc3 Rb4 27. Ne2 Ra4
28. Rb3 Ra7 29. Nf4 Kf8 30. Nd3 Ke8 31. Kf1 Kd8 32. Ke2 Kc7 33. Nf4 Ra4 34. Ke3
Ra1 35. Nh5 g6 36. Nf4 Re1+ 37. Kd2 Ra1 38. Nd3 Ra2+ 39. Ke3 Ra1 40. Nf4 Ra2 41.
g4 Ra1 42. f3 Re1+ 43. Kd2 Rh1 44. h5 g5 45. Nd3 Ra1 46. Ke3 Nf8 47. Rb2 Rg1 48.
Ra2 Kb7 49. Rb2+ Kc7 50. Ra2 Kb7 51. Re2 Kc7 52. Re1 Rg2 53. Ra1 Kb7 54. Rf1 Kc7
55. f4 Nh7 56. f5 Rg3+ 57. Kd2 Kd7 58. Ra1 Rg2+ 59. Kc3 exf5 60. gxf5 g4 61. e6+
fxe6 62. Ra7+ Ke8 63. Rxh7 exf5 64. Rxh6 Rg3 65. Rf6 Rf3 66. h6 Ke7 67. h7 1-0

[Event "9th Asrian Memorial 2016"]
[Site "Yerevan ARM"]
[Date "2016.06.19"]
[Round "4.6"]
[White "Zhigalko, Andrey"]
[Black "Petrosyan, Tigran S."]
[Result "1-0"]
[WhiteTitle "GM"]
[BlackTitle "IM"]
[WhiteElo "2594"]
[BlackElo "2478"]
[WhiteFideId "13502247"]
[BlackFideId "13303678"]
[EventDate "2016.06.16"]

1. c4 e5 2. g3 c6 3. Nf3 e4 4. Nd4 Nf6 5. Nc3 d5 6. cxd5 cxd5 7. Bg2 Bc5 8. Nb3
Bb6 9. O-O Qe7 10. d3 h6 11. dxe4 dxe4 12. Bf4 Bf5 13. Nb5 O-O 14. Bd6 Qd7 15.
Bxf8 Qxb5 16. a4 Qc6 17. Be7 Nbd7 18. a5 Bd8 19. Nd4 Qd5 20. Nxf5 Qxf5 21. Bxd8
Rxd8 22. Qd4 a6 23. b4 Re8 24. Rac1 Ne5 25. Rc5 Nc6 26. Qc3 Qg4 27. e3 Nd7 28.
Rxc6 bxc6 29. Qxc6 Qe6 30. Qxe6 Rxe6 31. Rd1 Nf6 32. Rd8+ Kh7 33. h3 Rc6 34. Bf1
Rc1 35. Kg2 Rc6 36. b5 axb5 37. Bxb5 Rc5 38. Rb8 Rc2 39. a6 Ra2 40. Bc4 Ra4 41.
Rc8 h5 42. Rc7 Ne8 43. Rc6 f5 44. Be6 Ra5 45. a7 Rxa7 46. Bxf5+ Kg8 47. Bg6 1-0

[Event "9th Asrian Memorial 2016"]
[Site "Yerevan ARM"]
[Date "2016.06.19"]
[Round "4.7"]
[White "Hovhannisyan, Robert"]
[Black "Vardanian, Haik G."]
[Result "1-0"]
[WhiteTitle "GM"]
[BlackTitle "FM"]
[WhiteElo "2641"]
[BlackElo "2355"]
[WhiteFideId "13302507"]
[BlackFideId "13303562"]
[EventDate "2016.06.16"]

1. e4 c5 2. Nf3 e6 3. d4 cxd4 4. Nxd4 a6 5. Bd3 Nf6 6. O-O Qc7 7. Qe2 Bd6 8. f4
Bc5 9. Be3 Qb6 10. c3 Nc6 11. Kh1 Nxd4 12. cxd4 Bxd4 13. Bxd4 Qxd4 14. Nc3 d5
15. Rad1 Bd7 16. e5 Ng8 17. Qg4 Kf8 18. Bb5 Qxd1 19. Qxd1 axb5 20. f5 exf5 21.
Nxd5 Bc6 22. Qd4 Bxd5 23. Qxd5 g6 24. e6 Kg7 25. Qxb7 Nh6 26. a3 Rhb8 27. Qc7 b4
28. axb4 Re8 29. Qe5+ Kg8 30. Qf4 Kg7 31. Qd4+ Kg8 32. e7 f4 33. Qxf4 Kg7 34.
Qf6+ Kg8 35. g4 Rab8 36. Qf4 Kg7 37. Qe5+ Kg8 38. Qxb8 Rxb8 39. Rd1 1-0

[Event "9th Asrian Memorial 2016"]
[Site "Yerevan ARM"]
[Date "2016.06.19"]
[Round "4.8"]
[White "Manukyan, Sargis A."]
[Black "Grigoryan, Karen H."]
[Result "1/2-1/2"]
[BlackTitle "GM"]
[WhiteElo "2247"]
[BlackElo "2604"]
[WhiteFideId "13303970"]
[BlackFideId "13301004"]
[EventDate "2016.06.16"]

1. c4 Nf6 2. d4 c5 3. d5 b5 4. cxb5 a6 5. bxa6 g6 6. Nc3 Bg7 7. Nf3 O-O 8. g3 d6
9. Bg2 Nbd7 10. O-O Nb6 11. Rb1 Bf5 12. Ra1 Ne4 13. Na4 Bd7 14. Nxb6 Qxb6 15.
Ne5 Bxe5 16. Bxe4 Rxa6 17. Bd3 Ra4 18. Qc2 Rfa8 19. b3 Bxa1 20. bxa4 Bxa4 21.
Qc4 Bg7 22. Bg5 Qc7 23. Rb1 Be8 24. Qb3 h6 25. Bd2 Ba4 26. Qb7 Qxb7 27. Rxb7 Kf8
28. Bc4 f5 29. f3 Bc2 30. Kf2 g5 31. Bc1 f4 32. gxf4 gxf4 33. e3 fxe3+ 34. Kxe3
Ra4 35. Bb5 Bd4+ 36. Ke2 Rxa2 37. Bxh6+ Kf7 38. Bc4 Bb3+ 39. Kd3 Bxc4+ 40. Kxc4
Rxh2 41. Bf4 Rc2+ 42. Kd3 Rc3+ 43. Ke4 Kf6 44. Rb1 Rc4 45. Kd3 Ra4 46. Re1 Kf5
47. Bc1 Ra1 48. Rh1 Bf6 49. Rh5+ Kg6 50. Rh6+ Kg7 51. Rh1 Kf7 52. Rh7+ Kg8 53.
Rh1 Bg5 54. Rg1 Rxc1 55. Rxg5+ Kf7 56. f4 e6 57. dxe6+ Kxe6 58. Rh5 Rd1+ 59. Ke2
Rd5 60. Rh6+ Kf5 61. Ke3 c4 62. Rh5+ Ke6 63. Rh6+ Kd7 64. Ke4 Rd1 65. f5 c3 66.
Rh7+ Kc6 67. Rh8 Kb7 68. Rh2 d5+ 69. Ke5 d4 70. Rc2 Rd2 71. Rc1 c2 72. f6 d3 73.
Kd4 Rf2 74. Kxd3 1/2-1/2

[Event "9th Asrian Memorial 2016"]
[Site "Yerevan ARM"]
[Date "2016.06.19"]
[Round "4.9"]
[White "Bakunts, Rafael"]
[Black "Sivuk, Vitaly"]
[Result "1/2-1/2"]
[BlackTitle "GM"]
[WhiteElo "2355"]
[BlackElo "2520"]
[WhiteFideId "13304097"]
[BlackFideId "14116502"]
[EventDate "2016.06.16"]

1. e4 c5 2. Nf3 e6 3. d4 cxd4 4. Nxd4 Nc6 5. Nc3 Qc7 6. Be3 a6 7. Qd2 Nf6 8.
O-O-O Bb4 9. f3 Ne7 10. Nde2 h6 11. a3 Ba5 12. b4 Bb6 13. Bxb6 Qxb6 14. e5 Nfd5
15. Nxd5 Nxd5 16. c4 Qc7 17. Nc3 Nxc3 18. Qxc3 b5 19. Kb2 bxc4 20. Bxc4 Bb7 21.
Bb3 Qxc3+ 22. Kxc3 Ke7 23. Rd4 f6 24. Re1 Rhc8+ 25. Rc4 Bd5 26. Rxc8 Rxc8+ 27.
Kb2 Bb7 28. a4 g5 29. Re3 h5 30. exf6+ Kxf6 31. Rc3 Ke5 32. Rxc8 Bxc8 33. Kc3
Bb7 34. Bd1 h4 35. g3 d6 36. Kd3 hxg3 37. hxg3 Kf5 38. Ke3 e5 39. Bc2+ Ke6 40.
f4 gxf4+ 41. gxf4 Bc6 1/2-1/2

[Event "9th Asrian Memorial 2016"]
[Site "Yerevan ARM"]
[Date "2016.06.19"]
[Round "4.10"]
[White "Petrosyan, Manuel"]
[Black "Kalashian, David"]
[Result "1-0"]
[WhiteTitle "IM"]
[BlackTitle "IM"]
[WhiteElo "2518"]
[BlackElo "2316"]
[WhiteFideId "13300857"]
[BlackFideId "13302418"]
[EventDate "2016.06.16"]

1. d4 c6 2. c4 g6 3. g3 Bg7 4. Bg2 d6 5. Nf3 Bg4 6. h3 Bxf3 7. Bxf3 Nd7 8. Nc3
Ngf6 9. h4 h6 10. e4 c5 11. d5 Ne5 12. Be2 h5 13. O-O O-O 14. f3 a6 15. Kg2 b5
16. cxb5 axb5 17. Bxb5 Qa5 18. Bd2 Rab8 19. a4 Rfc8 20. Qe2 Qd8 21. Rab1 Ne8 22.
b4 cxb4 23. Rxb4 Rc5 24. Rb3 Rbc8 25. Ba6 Rb8 26. Rxb8 Qxb8 27. Rb1 Qa8 28. Bb7
Qd8 29. Rb5 Qc7 30. Bc6 Nxc6 31. Rxc5 dxc5 32. Qb5 Nd6 33. Qxc6 Qa5 34. e5 Bxe5
35. Ne4 Qa7 36. Nxd6 exd6 37. Qb5 Qc7 38. a5 Bd4 39. a6 Qe7 40. Kf1 Qf6 41. Qe8+
Kh7 42. Kg2 c4 43. Bg5 Qg7 44. Qe7 Qg8 45. Qd8 Qg7 46. Qxd6 Ba1 47. Qb4 Qe5 48.
Qxc4 Qb2+ 49. Kf1 Qh2 50. Be3 Qxg3 51. Ke2 Qh2+ 52. Bf2 Be5 53. d6 Bg3 54. Qxf7+
Kh6 55. Qf8+ Kh7 56. Qe7+ Kh8 57. Qd8+ Kg7 58. Qc7+ Kh6 59. Qc1+ Bf4 60. Qxf4+ 1-0

[Event "9th Asrian Memorial 2016"]
[Site "Yerevan ARM"]
[Date "2016.06.19"]
[Round "4.11"]
[White "Babujian, Levon"]
[Black "Davtyan, Artur"]
[Result "1-0"]
[WhiteTitle "GM"]
[WhiteElo "2469"]
[BlackElo "2239"]
[WhiteFideId "13301993"]
[BlackFideId "13308327"]
[EventDate "2016.06.16"]

1. d4 Nf6 2. c4 e6 3. g3 d5 4. Nf3 c5 5. cxd5 Qxd5 6. Nc3 Qd8 7. Bg2 Nc6 8. O-O
cxd4 9. Nb5 e5 10. Qc2 Bd6 11. e3 O-O 12. exd4 exd4 13. Rd1 Bg4 14. Nbxd4 Nxd4
15. Rxd4 Qb6 16. Be3 Bc5 17. Rxg4 Bxe3 18. Rc4 Bh6 19. g4 g5 20. h4 Bg7 21. hxg5
Nd7 22. Rd1 Rad8 23. Qf5 Ne5 24. Rxd8 Nxc4 25. Rxf8+ Bxf8 26. b3 Nd6 27. Qf4 Qa5
28. Ne5 Be7 29. Bxb7 Qd8 30. Bd5 Bxg5 31. Nxf7 Nxf7 32. Qxf7+ Kh8 33. Kg2 a5 34.
Kh3 Bf6 35. a3 Bc3 36. f4 Be1 37. Kg2 Bc3 38. g5 Bb2 39. Qe6 Qf8 40. f5 Bxa3 41.
Qe5+ Qg7 42. f6 Qf8 1-0

[Event "9th Asrian Memorial 2016"]
[Site "Yerevan ARM"]
[Date "2016.06.19"]
[Round "4.12"]
[White "Movsisyan, Vardan"]
[Black "Shahinyan, David"]
[Result "1/2-1/2"]
[BlackTitle "IM"]
[WhiteElo "2179"]
[BlackElo "2442"]
[WhiteFideId "13301799"]
[BlackFideId "13304380"]
[EventDate "2016.06.16"]

1. e4 d6 2. d4 Nf6 3. Nc3 e5 4. dxe5 dxe5 5. Qxd8+ Kxd8 6. Bg5 Be6 7. O-O-O+ Nd7
8. Nd5 Kc8 9. f3 c6 10. Nxf6 gxf6 11. Be3 b5 12. Kb1 a5 13. g3 a4 14. Ne2 Bc5
15. Bxc5 Nxc5 16. Nc1 Kc7 17. Be2 Rhd8 18. Nd3 Bc4 19. Nxc5 Bxe2 20. Rde1 Bc4
21. Rd1 Rxd1+ 22. Rxd1 Be2 23. Rd7+ Kb6 24. Rd2 Bxf3 25. Nd7+ Kc7 26. Nxf6 Rd8
27. Kc1 h6 28. c3 Rxd2 29. Kxd2 Kd6 30. Ke3 Bd1 31. Kd2 Bf3 32. Ke3 Bd1 1/2-1/2

[Event "9th Asrian Memorial 2016"]
[Site "Yerevan ARM"]
[Date "2016.06.19"]
[Round "4.13"]
[White "Sayadyan, Edvard"]
[Black "Sargsyan, Shant"]
[Result "1/2-1/2"]
[BlackTitle "CM"]
[WhiteElo "2016"]
[BlackElo "2378"]
[WhiteFideId "13304909"]
[BlackFideId "13306766"]
[EventDate "2016.06.16"]

1. e4 c5 2. Nf3 d6 3. d4 cxd4 4. Nxd4 Nf6 5. Nc3 Nc6 6. Bc4 Qb6 7. Nb3 e6 8. Be3
Qc7 9. Bd3 a6 10. f4 Be7 11. Qe2 b5 12. g4 h6 13. O-O-O Bb7 14. Kb1 Nd7 15. h4
Nc5 16. a3 b4 17. Nxc5 dxc5 18. axb4 Nxb4 19. Bc4 Rb8 20. g5 Bc6 21. g6 Qb7 22.
gxf7+ Kf8 23. b3 Bxe4 24. Nxe4 Qxe4 25. Bxc5 Qxe2 26. Bxe7+ Kxe7 27. Bxe2 Nd5
28. Kb2 Nxf4 29. Bxa6 Kxf7 30. Rd7+ Kf6 31. c4 Rb6 32. Bb5 Ra8 33. Rf1 g5 34.
Kc3 e5 35. hxg5+ hxg5 36. Ba4 Re6 37. c5 e4 38. Bb5 e3 39. c6 Re5 40. Kb4 Rb8
41. Rb7 Rc8 42. Rd7 e2 43. Re1 Nd5+ 44. Ka3 Nb6 45. Rd6+ Ke7 46. Rh6 Rxb5 47.
Rxe2+ Kd8 48. Rf2 Kc7 49. Rf7+ Kb8 50. Rg7 Rc7 51. Rg8+ Rc8 52. Rg7 Rc7 53. Rg8+
Ka7 54. Rh5 Rxc6 55. Rhxg5 Rxg5 56. Rxg5 Ka6 57. Kb2 Nd7 58. Rh5 Kb6 59. Rg5 Nc5
60. Rg3 Kb5 61. Rh3 Rg6 62. Ka3 Rg1 63. Kb2 Re1 64. Ka3 Re2 65. Rf3 Kc6 66. Rh3
Kd5 67. Rh5+ Kd4 68. Rh4+ Kd3 69. Rc4 Ne4 70. Rc8 Nc3 71. Kb4 Nd5+ 72. Ka3 Rh2
73. Rd8 Kd4 74. Rc8 Ne3 75. Rd8+ Kc3 76. Rc8+ Kd3 77. Rd8+ Kc2 78. Rc8+ Kb1 79.
Rg8 Nc2+ 80. Ka4 Rh4+ 81. Ka5 Kb2 82. Rg3 Rb4 83. Rh3 Rg4 84. Rd3 Nd4 85. Kb6
Nxb3 86. Kc6 Ka3 87. Kd6 Kb4 88. Ke5 Kc4 89. Rd1 Rg8 90. Ke6 Nd4+ 91. Ke5 Re8+
92. Kf4 Kd5 93. Ra1 Rf8+ 94. Kg4 Nc2 95. Ra7 Ne3+ 96. Kg3 Ke4 97. Re7+ Kd3 98.
Ra7 Rf6 99. Ra3+ Kd4 100. Ra4+ Nc4 101. Kg4 Kd5 102. Kg5 Rf8 103. Ra1 Rf2 104.
Ra8 Ke6 105. Kg4 Rf1 106. Kg3 Ne5 107. Re8+ Kd5 108. Ra8 Rf3+ 109. Kg2 Rc3 110.
Kf2 1/2-1/2

[Event "9th Asrian Memorial 2016"]
[Site "Yerevan ARM"]
[Date "2016.06.19"]
[Round "4.14"]
[White "Martirosyan, Haik M."]
[Black "Gharibyan, Mamikon"]
[Result "1-0"]
[WhiteTitle "IM"]
[BlackTitle "CM"]
[WhiteElo "2443"]
[BlackElo "2085"]
[WhiteFideId "13306553"]
[BlackFideId "13308300"]
[EventDate "2016.06.16"]

1. d4 Nf6 2. c4 e6 3. Nf3 b6 4. g3 Ba6 5. b3 Bb4+ 6. Bd2 Be7 7. Bg2 c6 8. O-O
O-O 9. Bc3 d5 10. Nbd2 Nbd7 11. Qc2 Rc8 12. e4 b5 13. e5 Ne8 14. c5 b4 15. Bxb4
Bxf1 16. Nxf1 a5 17. Bd2 Ra8 18. Re1 Nc7 19. h4 f6 20. exf6 Bxf6 21. Bf4 Nb5 22.
Rxe6 Nxd4 23. Nxd4 Bxd4 24. Rxc6 Qe7 25. Qd2 Bxc5 26. Bxd5+ Kh8 27. Re6 Qf7 28.
Re2 Qh5 29. Bxa8 Rxa8 30. Re6 Nf6 31. Re5 Qf3 32. Rxc5 Ne4 33. Nh2 Nxd2 34. Nxf3
Nxf3+ 35. Kf1 Kg8 36. Bc7 a4 37. b4 Nd4 38. Be5 Ne6 39. Ra5 Rxa5 40. bxa5 Nc5
41. Bd4 Na6 42. Ke2 Kf7 43. Kd3 Ke6 44. Kc4 g6 45. Kb5 1-0

[Event "9th Asrian Memorial 2016"]
[Site "Yerevan ARM"]
[Date "2016.06.19"]
[Round "4.15"]
[White "Torosyan, Norayr"]
[Black "Kotanjian, Tigran"]
[Result "1-0"]
[BlackTitle "GM"]
[WhiteElo "2361"]
[BlackElo "2485"]
[WhiteFideId "13300431"]
[BlackFideId "13301250"]
[EventDate "2016.06.16"]

1. e4 c5 2. Nf3 Nc6 3. d4 cxd4 4. Nxd4 g6 5. c4 Bg7 6. Be3 Nf6 7. Nc3 O-O 8. Be2
d6 9. O-O Bd7 10. Qd2 Nxd4 11. Bxd4 Bc6 12. f3 a5 13. b3 Nd7 14. Be3 Nc5 15.
Rab1 Qc7 16. Rfe1 Rfd8 17. Bf1 e6 18. Kh1 b6 19. Rbc1 Qb7 20. Red1 Rac8 21. Bg5
Rd7 22. Nd5 Kh8 23. Nf6 Rdd8 24. Qf4 h5 25. Qh4 Rf8 26. Rxd6 Nd7 27. Rcd1 Nxf6
28. Bxf6 Kg8 29. a4 Rfe8 30. e5 Rc7 31. Qd4 Rb8 32. Rd8+ Be8 33. Rd6 Rcc8 34.
Bd3 Bf8 35. Qf4 Qc7 36. Rd4 Qc5 37. Bc2 Bg7 38. Rd6 Qf2 39. R6d2 Qc5 40. h4 Rc7
41. Rd6 Qf2 42. Be4 Qb2 43. Rd8 Rcc8 44. Bxg7 Kxg7 45. Qf6+ Kg8 46. Rxe8+ Rxe8
47. Rd7 1-0

[Event "9th Asrian Memorial 2016"]
[Site "Yerevan ARM"]
[Date "2016.06.19"]
[Round "4.16"]
[White "Tiraturyan, David"]
[Black "Igonin, Temur"]
[Result "1/2-1/2"]
[BlackTitle "IM"]
[WhiteElo "2235"]
[BlackElo "2474"]
[WhiteFideId "13304402"]
[BlackFideId "14203049"]
[EventDate "2016.06.16"]

1. e4 e5 2. Nf3 Nc6 3. Bb5 g6 4. d4 exd4 5. Bg5 Be7 6. Bxe7 Qxe7 7. Bxc6 dxc6 8.
Qxd4 Nf6 9. Nc3 Bg4 10. Nd2 c5 11. Qe3 O-O-O 12. f3 Be6 13. O-O-O b6 14. Qg5 h6
15. Qe5 Nd7 16. Qg3 Nb8 17. Rhe1 Nc6 18. Nd5 Qd6 19. Qxd6 cxd6 20. Nc4 b5 21.
Nce3 g5 22. Rd2 h5 23. Red1 Kb7 24. b3 a6 25. Kb2 Nd4 26. c3 Nc6 27. Nf6 Kc7 28.
h3 Rh6 29. Rxd6 Rxf6 30. Rxc6+ Kxc6 31. Rxd8 g4 32. hxg4 hxg4 33. e5 Rf4 34.
Rd6+ Kb7 35. Nxg4 Bxg4 36. fxg4 Rxg4 37. Rd7+ Kc6 38. Rxf7 Rxg2+ 39. Kb1 Rg1+
40. Kc2 Rg2+ 41. Kb1 Rg1+ 42. Kc2 Rg2+ 43. Kb1 1/2-1/2

[Event "9th Asrian Memorial 2016"]
[Site "Yerevan ARM"]
[Date "2016.06.19"]
[Round "4.17"]
[White "Baghdasaryan, Vahe"]
[Black "Gavrish, Leonid"]
[Result "1-0"]
[WhiteTitle "IM"]
[WhiteElo "2452"]
[BlackElo "2212"]
[WhiteFideId "13303139"]
[BlackFideId "14110040"]
[EventDate "2016.06.16"]

1. e4 d6 2. d4 Nf6 3. Nc3 g6 4. f4 Bg7 5. Nf3 O-O 6. Bd3 Nc6 7. O-O e5 8. fxe5
dxe5 9. d5 Nd4 10. Nxe5 Nxe4 11. Nxe4 Bxe5 12. c3 Nf5 13. Qf3 Kg7 14. Nf2 h5 15.
Nh3 Qd6 16. Bf4 Nh6 17. Bxe5+ Qxe5 18. Rae1 Qd6 19. Nf4 Bg4 20. Qg3 Rae8 21. h3
Rxe1 22. Qxe1 Bd7 23. Qg3 Kh7 24. Nxh5 f5 25. Nf4 Re8 26. Kh1 Nf7 27. c4 b6 28.
b4 Ne5 29. Qh4+ Kg7 30. Qg5 Nxd3 31. Nxd3 Re4 32. c5 Qxd5 33. Nf4 Qf7 34. Rd1
Be8 35. Nh5+ Kf8 36. Nf6 Re6 37. Nxe8 Rxe8 38. c6 Qg7 39. Qg3 Re7 40. Rd8+ Re8
41. Rd7 Re7 42. Qxc7 Re1+ 43. Kh2 Qf6 44. Qd8+ 1-0